000
00331 a2200157 4500
001
65723
020
_a
9781107467446
040
_c
Anchieta - Pituba
100
_a
Anderson, Vicki
240
1
0
_a
Eyes open 2
_l
por
245
1
0
_a
Eyes open 2
300
_a
127
362
0
_a
2015
650
4
_a
Inglês e inglês antigo
942
_c
BK
999
_c
65723
_d
65723